000
002360000a22001090004500
020
_a
84-494-2435-6
082
0
4
_a
CD 082
245
1
0
_a
Enciclopedia interactiva de literatura
260
_a
Barcelona : Océano
001
1706
942
_c
LGB
999
_c
48864
_d
48864